000 00732cam a22002411 4500
001 8011880
003 ARRUPE
005 20161110145414.0
008 720225s1967 xx 000 0 eng
010 _a 67015541
035 _a(OCoLC)250275
040 _aDLC
_cOAU
_dOCoLC
_dDLC
042 _apremarc
050 0 0 _aJX1291.S33
100 1 _aScott, Andrew MacKay.
_925780
245 1 4 _aThe functioning of the international political system
_c\ Andrew MacKaye. Scott.
260 _aNew York,
_bMacmillan
_c1967
300 _axi, 244 p.
_c21 cm.
504 _aBibliography: p. 240-244.
650 0 _aInternational relations
_xResearch.
_927426
906 _a7
_bcbc
_coclcrpl
_du
_encip
_f19
_gy-gencatlg
942 _2lcc
_cMONOGRAPH
999 _c125719
_d125719